000 00681nam a2200289Ia 4500
005 20260324134002.0
008 008 260324s9999 xx 000 0 eng d
020 _a9781315541501
037 _aEBOOK
040 _aCRL
040 _beng
040 _cCRL
041 _2eng
041 _aeng
084 _qCRL
100 _aLinda Starke
_91195142
245 0 _aBreaking New Ground
245 0 _bMining, Minerals and Sustainable Development
260 _bTaylor and Francis
260 _c2002
365 _a
365 _b280
856 _uhttp://www.taylorfrancis.com/books/9781315541501
942 _cEBOOK
999 _c1794745
_d1794745